Khí tượng học

সংরক্ষণ করুন:
গ্রন্থ-পঞ্জীর বিবরন
প্রধান লেখক: Khí tượng học
বিন্যাস: গ্রন্থ
ভাষা:Undetermined
প্রকাশিত: Hà Nội KHKT 1997
বিষয়গুলি:
ট্যাগগুলো: ট্যাগ যুক্ত করুন
কোনো ট্যাগ নেই, প্রথমজন হিসাবে ট্যাগ করুন!
Thư viện lưu trữ: Trung tâm Học liệu Trường Đại học Cần Thơ
LEADER 00505nam a2200193Ia 4500
001 CTU_28686
008 210402s9999 xx 000 0 und d
082 |a 551 
082 |b Kh300 
100 |a Khí tượng học 
245 0 |a Khí tượng học 
245 0 |c Trần Thư 
260 |a Hà Nội 
260 |b KHKT 
260 |c 1997 
526 |a Khí tượng thủy văn 
526 |b CN004 
650 |a meteorology 
980 |a Trung tâm Học liệu Trường Đại học Cần Thơ